000 00774cam a2200229 a 4500
001 4994081
005 20180309073039.0
008 990216s1999 nyua 001 0 eng
010 _a 99014252
020 _a0471534781 (alk. paper)
040 _aDLC
_cDLC
_dDLC
041 _aeng
080 _a660.28
082 0 0 _a660.28 FEL
_221
100 1 _a12
101 _aKIM
245 1 0 _aElementary principles of chemical processes /
_cRichard M. Felder, Ronald W. Rousseau.
504 _aIncludes index.
906 _a7
_bcbc
_corignew
_d1
_eocip
_f19
_gy-gencatlg
942 _2ddc
_cBK
999 _c44581
_d44581